Laboratorio de química
| Main Authors: | , |
|---|---|
| Format: | Section = Libro |
| Language: | Undetermined Spanish |
| Published: |
Managua
UCA
[s.f.]
|
| Subjects: |
| LEADER | 00518nam a2200193Ia 4500 | ||
|---|---|---|---|
| 008 | 240830s9999 xx 000 0 und d | ||
| 040 | |a CEDOC FIQ-RUSB / 542.1 M828 | ||
| 041 | |a spa | ||
| 082 | |a 542.1 M828 | ||
| 100 | 1 | |a Morales Urbina, Douglas | |
| 100 | 1 | |b Lopez Melendez, Franklin José | |
| 245 | 1 | 0 | |a Laboratorio de química |
| 260 | |a Managua |b UCA |c [s.f.] | ||
| 300 | |a 48 p. :il | ||
| 650 | 7 | |a LABORATORIO DE QUIMICA | |
| 650 | 7 | |b QUIMICA-APARATOS E ISNTRUMENTOS | |
| 942 | |c BK |2 ddc | ||
| 991 | |a TEXTO | ||
| 999 | |c 13537 | ||